Sayings of Jesus in the Writings of Justin Martyr. (Record no. 544)

MARC details
000 -LEADER
fixed length control field 00610nam a2200241 a 4500
020 ## - INTERNATIONAL STANDARD BOOK NUMBER
ISBN
082 00 - DEWEY DECIMAL CLASSIFICATION NUMBER
Classification number 232.904
Author Cutter BEL
100 ## - MAIN ENTRY--AUTHOR NAME
Author name Bellinzoni, A J
245 ## - TITLE STATEMENT
Title Sayings of Jesus in the Writings of Justin Martyr.
260 ## - PUBLICATION, DISTRIBUTION, ETC. (IMPRINT)
Place of publication Leiden
Name of publisher E. J. Brill
Year of publication 1967
300 ## - PHYSICAL DESCRIPTION
Number of Pages 152p
500 ## - GENERAL NOTE
General note includes index and biblioraphy
505 2# - FORMATTED CONTENTS NOTE
Formatted contents note Bibliography, Index.
650 ## - SUBJECT ADDED ENTRY--TOPICAL TERM
Topical Term Jesus Christ-Teachings
942 ## - ADDED ENTRY ELEMENTS (KOHA)
Koha item type Books
700 1# -
-- Bellinzoni, A J
Holdings
Collection code Home library Current library Date acquired Cost, normal purchase price Full call number Accession Number Koha item type
  Henry Martyn Institute Library Henry Martyn Institute Library 06/19/2007 58.00 232.904 BEL 03602 Books
                   Copyright © 2026 | Henry Martyn Institute | Hyderabad | TS-500052 | INDIA | Implemented by hmi.edu.in
Hit-Count:

Powered by Koha